Statistiques concernant Chanteurs par musique - 2020

Cliquez ici pour prendre le quiz!

Statistiques générales

  • Ce quiz a été pris 158 fois
  • Le résultat moyen est 5 sur 15

Statistiques - réponses

MusiqueChanteur(s)% Correct
"Save Your Tears"The Weeknd
77%
"Levitating"Dua Lipa
74%
"Say So"Doja Cat
60%
"Watermelon Sugar"Harry Styles
60%
"Easy on me"Adele
57%
"Drivers License"Olivia Rodrigo
49%
"Toosie Slide"Drake
42%
"Kill Bill"SZA
30%
"My Universe"Coldplay
27%
"Sunflower"Post Malone
26%
"Exile"Taylor Swift
19%
"WAP"Cardi B ft. Megan Thee Stallion
3%
"Rain On Me"Ariana Grande ft. Lady Gaga
2%
"America Has A Problem"Beyoncé ft. Kendrick Lamar
1%
"RITMO"Black Eyed Peas ft. J Balvin
1%

Distribution des résultats

Percentile par nombre de réponses

% des personnes avec chaque résultat

Votre développement - résultats

Vous n’avez pas pris ce quiz